|
|
|
|
| LEADER |
00000nam0a2200000 4500 |
| 001 |
122503 |
| 005 |
20250821100325.0 |
| 010 |
|
|
|a 5278001046
|
| 035 |
|
|
|a (RuTPU)RU\TPU\book\132632
|
| 090 |
|
|
|a 122503
|
| 100 |
|
|
|a 20071004d1989 m y0rusy5003 ca
|
| 101 |
0 |
|
|a rus
|
| 102 |
|
|
|a RU
|
| 105 |
|
|
|a a z 000zy
|
| 200 |
1 |
|
|a А вы любите бег?
|f А. Ф. Бойко
|
| 205 |
|
|
|a 2-е изд., перераб. и доп.
|
| 210 |
|
|
|a Москва
|c Физкультура и спорт
|d 1989
|
| 215 |
|
|
|a 159,[1] с.
|c ил.
|d 20 см
|
| 333 |
|
|
|a Исключено из фонда НТБ ТПУ
|
| 610 |
0 |
|
|a Бег
|
| 610 |
0 |
|
|a научно-популярная литература
|
| 610 |
0 |
|
|a оздоровительный спорт
|
| 675 |
|
|
|a 796.4
|
| 700 |
|
1 |
|a Бойко
|b А. Ф.
|g Александр Федорович
|4 070
|
| 801 |
|
0 |
|a RU
|b RuMRKP
|c 19950417
|g psbo
|
| 801 |
|
1 |
|a RU
|b 63413507
|c 20071004
|g PSBO
|
| 801 |
|
2 |
|a RU
|b 63413507
|c 20071004
|g PSBO
|
| 942 |
|
|
|c BK
|